000
00371nam a2200133Ia 4500
008
100328s9999 xx 000 0 und d
082
_b
58358
100
_a
काळे व.पु.
245
_a
वन फॉर द रोड.
260
_b
मेनका.
630
_a
वन फॉर द रोड.
730
_a
वन फॉर द रोड.
942
_c
BOOK
999
_c
544705
_d
544702